000 00355nam a22001577a 4500
020 _a978-81-226-3813-7
082 _a894.812.3
_bMAD/P
100 _aMADHAVIKKUTTY
245 _aPALAYANAM
246 _aPALAYANAM
_bPALAYANAM
260 _aTHRISSUR
_bCURRENT BOOKS
_c2022
300 _a79
520 _aSTORIES
650 _aMALAYALAM STORIES
942 _cBK
999 _c7641
_d7641